01484cam a22003375i 450000100090000000300090000900500170001800800410003502000250007602000220010104001020012308200200022524500770024524601150032226400410043726400100047830000530048833600260054133700280056733800270059550000210062252001890064365000460083265100100087865300330088865500170092170000270093894200120096599900170097795201520099418047669EG-ScBUE20230103103414.0140225t2013 caua f 001 0 eng d a9781600583377 (pbk.) a1600583377 (pbk.) aQBXbengerdacQBXdOCLCOdWIMdA6QdOCLCQdYDXCPdBTCTAdUKMGBdAU@dOCLCQdOCLCFdDLCdEG-ScBUE04a741.24222bART04aThe art of colored pencil drawing /cwith Pat Averill [and three others]34aThe art of colored pencil drawing :bdiscover techniques for creating beautiful works of art in colored pencil 1aIrvine, CA :bWalter Foster,c[2013] 4cc2013 a144 pages :billustrations (some color) ;c30 cm 2rdacontentatextbtxt 2rdamediaaunmediatedbn 2rdacarrieravolumebnc aIncludes index.  aOffers step-by-step instructions for completing twenty-seven colored pencil drawing projects, offering advice on appropriate supplies, color theory, and basic techniques in the medium. 7aColored pencil drawingxTechnique.2BUEsh 2BUEsh bCOMAMEcJune2015cAugust2015 vReading book1 aAverill, Pat,eauthor. 2ddccBB c19645d19617 00102ddc40708AlahramaMAINbMAINc2NDd2015-06-15epurchaseg147.00h434l2o741.24 ARTp000038748r2025-07-15 00:00:00s2021-05-06v183.75yBB